Welcome to CU Library Online Public Access Catalogue (OPAC)

Managerial accounting : (Record no. 9216)

MARC details
000 -LEADER
fixed length control field 00770cam a2200229 a 4500
001 - CONTROL NUMBER
control field 12290348
005 - DATE AND TIME OF LATEST TRANSACTION
control field 20260415135358.0
008 - FIXED-LENGTH DATA ELEMENTS--GENERAL INFORMATION
fixed length control field 010126s2002 maua b 001 0 eng
020 ## - INTERNATIONAL STANDARD BOOK NUMBER
International Standard Book Number 0072394668
Qualifying information alk. paper
020 ## - INTERNATIONAL STANDARD BOOK NUMBER
International Standard Book Number 0072480165
Qualifying information CD-ROM
020 ## - INTERNATIONAL STANDARD BOOK NUMBER
International Standard Book Number 9780072394665
Qualifying information (alk. paper)
020 ## - INTERNATIONAL STANDARD BOOK NUMBER
International Standard Book Number 9780072480160
Qualifying information (CD-ROM)
050 00 - LIBRARY OF CONGRESS CALL NUMBER
Classification number HF5657.4
Item number .H55 2002
082 00 - DEWEY DECIMAL CLASSIFICATION NUMBER
Classification number 658.15/11
Edition information 21
100 1# - MAIN ENTRY--PERSONAL NAME
Personal name Hilton, Ronald W.
245 10 - TITLE STATEMENT
Title Managerial accounting :
Remainder of title creating value in a dynamic business environment /
Statement of responsibility, etc. Ronald W. Hilton.
250 ## - EDITION STATEMENT
Edition statement 5th ed.
260 ## - PUBLICATION, DISTRIBUTION, ETC.
Place of publication, distribution, etc. Boston :
Name of publisher, distributor, etc. McGraw-Hill/Irwin,
Date of publication, distribution, etc. c2002.
300 ## - PHYSICAL DESCRIPTION
Extent xxxii, 858 p. :
Other physical details col. ill. ;
Dimensions 29 cm. +
Accompanying material 1 computer optical disc (4 3/4 in.)
650 #0 - SUBJECT ADDED ENTRY--TOPICAL TERM
Topical term or geographic name entry element Managerial accounting.
942 ## - ADDED ENTRY ELEMENTS (KOHA)
Source of classification or shelving scheme Library of Congress Classification
Koha item type Books
Edition 5th ed.
Suppress in OPAC No
999 ## -
-- 9216
-- 9216
Holdings
Withdrawn status Lost status Source of classification or shelving scheme Damaged status Not for loan Collection Home library Current library Shelving location Date acquired Total checkouts Full call number Barcode Date last seen Copy number Price effective from Koha item type
    Library of Congress Classification     Non-fiction Business Library (Miotso) Business Library (Miotso) General stacks 04/15/2026   HF5657.4 .H55 2002 BSSM00003180 04/15/2026 1 04/15/2026 Books
© 2023-2024 Copyright: Central University Libraries. All Rights Reserved | Created by: Mahone Tech Office